Paul Herbe: architecte

Saved in:
Bibliografiske detaljer
Format: Bog
Sprog:fransk
Udgivet: París Societé des Amis de Paul Herbé 1965
Fag:
Tags: Tilføj Tag
Ingen Tags, Vær først til at tagge denne postø!

MARC

LEADER 00000nam a2200000 a 4500
001 UCT2661
003 CL-VaPUC
008 961011e19650000FR |||||||||||||||||fre|d
082 0 4 |a 720.92  |b PAU  |2 21 
245 1 0 |a Paul Herbe: architecte 
300 |a 87 p 
942 |c BK 
945 |d 19961011 00:00:00  |a nastorga 
260 |a París  |b Societé des Amis de Paul Herbé  |c 1965 
650 0 |a Arquitectura moderna  |9 265021 
650 0 |a Arquitectos   |9 268647 
650 0 |a Biografías  |9 255210 
650 7 |a EXPOSICIONES CULTURALES  |2 CL-VaPUC  |9 371614 
650 7 |a GALERIAS DE ARTE  |2 CL-VaPUC  |9 371615 
583 |a last modification  |c 19961011 00:00:00  |k Rodrigo Vera 
999 |c 252652  |d 252650 
952 |0 0  |1 0  |4 0  |6 720_920000000000000_PAU_1965  |7 0  |8 P  |9 272621  |a BIBARQ  |b BIBARQ  |d 2019-11-19  |i 3236145  |o 720.92 PAU 1965  |p 3236145  |r 2025-01-20  |w 2019-11-19  |y BK  |k ARQ